| 000 | | | 05370nac2a22003493x 450 |
| 001 | | | 0a830f8f-bc74-4af3-bb91-1596a0f471c6 |
| 005 | | | 20251208154057.0 |
| 100 | ## | $a | 20251002l19351936k y0rusy50 ca |
| 101 | 0# | $a | rus |
| 102 | ## | $a | RU |
| 105 | ## | $a | y j ||||| |
| 122 | 2# | $a | d19351231 |
| | $a | d19361121 |
| 200 | 1# | $a | Постановление ЦИК и СНК СССР о приеме в высшие учебные заведения и техникумы /детей, нетрудящихся лиц лишенных избирательных прав/ |
| | $j | 31.12.1935 - 21.11.1936 |
| 215 | ## | $a | 3 листа |
| | $d | 32,5 х 23 |
| 251 | ## | $c | Дело |
| 300 | ## | $a | Заголовок дела на папке: Постановление ЦИК и СНК СССР о приеме в высшие уч. заведения и техникумы (детей нетрудящихся лиц, лишенных изб. прав) |
| 300 | ## | $a | Обложка разорвана |
| 300 | ## | $a | Машинописный и рукописный текст |
| 324 | ## | $a | В деле имеются копии отдельных документов |
| 330 | ## | $a | Входит в раздел описи: Оргкомиссия |
| 461 | #0 | $1 | 001796d4672-8a00-4986-b488-6e42273792cc |
| | $1 | 2001 |
| | $a | ЦЕНТРАЛЬНЫЙ ИСПОЛНИТЕЛЬНЫЙ КОМИТЕТ СССР (ЦИК СССР). |
| | $1 | 251 |
| | $c | Фонд |
| | $1 | 852 |
| | $g | Р |
| | $j | 3316 |
| 462 | #0 | $1 | 001b2b03070-aa26-4135-b154-6f52ec7c8bcd |
| | $1 | 2001 |
| | $a | Дела Секретариата Президиума ЦИК Союза ССР за 1935 год |
| | $v | Д. 234 |
| | $1 | 251 |
| | $c | Опись |
| | $1 | 852 |
| | $j | 28 |
| 517 | 1# | $a | Постановление ЦИК и СНК СССР о приеме в высшие уч. заведения и техникумы (детей нетрудящихся лиц, лишенных изб. прав) |
| 601 | 01 | $3 | RU\NLR\AUTH\880357276 |
| | $a | СССР |
| | $b | ЦИК |
| 601 | 01 | $3 | RU\NLR\AUTH\8810020782 |
| | $a | СССР |
| | $b | Совет Народных Комиссаров |
| 605 | ## | $3 | DITM\AF\0000002775 |
| | $a | Власть |
| | $l | коллекция |
| | $2 | acquisition_prlib |
| 610 | 1# | $a | Постановление |
| | $a | Высшие учебные заведения |
| | $a | Техникумы |
| | $a | Дети |
| | $a | Нетрудящиеся лица |
| | $a | Избирательные права |
| 686 | ## | $a | 67.401.011.12ю1 |
| | $c | Право |
| | $2 | rubbk |
| 686 | ## | $a | 63.3(2)614-332ю1 |
| | $c | История |
| | $2 | rubbk |
| 801 | #0 | $a | RU |
| | $b | GA_RF |
| 801 | #1 | $a | RU |
| | $b | ГлавНИВЦ |
| | $c | 20251002 |
| | $2 | rusmarc |
| 801 | #2 | $a | RU |
| | $b | ПБ им. Б.Н. Ельцина |
| | $c | 20251208 |
| | $g | RCR |
| | $2 | rusmarc |
| 852 | ## | $a | ГА РФ |
| | $j | 234 |
| 937 | ## | $d | 199469123 |
| | $h | ГАРФ |
| 035 | ## | $a | RuPRLIB51080652 |
| 856 | ## | $u | http://readingroom.main.prlib.ru/item.aspx?id_node=n199469123&mode=full |